000 00557 a2200193 4500
003 Nust
005 20170207153954.0
010 _a 83008694
020 _a0136380565 :
020 _a0136381561 (pbk.)
040 _cNust
082 0 0 _a621.3827
100 1 _aGowar, John,
245 1 0 _aOptical communication systems /
_cJohn Gowar.
260 _aEnglewood Cliffs, NJ :
_bPrentice/Hall International,
_cc1984.
300 _axiv, 577 p. :
_bill. ;
_c24 cm.
440 0 _aPrentice-Hall international series in optoelectronics
650 0 _aOptical communications.
942 _2ddc
_cBK
999 _c190855
_d190855